Families of the deep blue sea / (Record no. 653)

MARC details
000 -LEADER
fixed length control field 01536cam a2200313 a 4500
005 - DATE AND TIME OF LATEST TRANSACTION
control field 20230926102218.0
020 ## - INTERNATIONAL STANDARD BOOK NUMBER
International Standard Book Number 088106887X (library reinforced)
020 ## - INTERNATIONAL STANDARD BOOK NUMBER
International Standard Book Number 0881068861 (hardcover)
020 ## - INTERNATIONAL STANDARD BOOK NUMBER
International Standard Book Number 0881068853 (softcover)
040 ## - CATALOGING SOURCE
Original cataloging agency DLC
Transcribing agency DLC
Modifying agency DLC
Language of cataloging eng
050 00 - LIBRARY OF CONGRESS CALL NUMBER
Classification number QL122.2
Item number .M36 1995
082 00 - DEWEY DECIMAL CLASSIFICATION NUMBER
Classification number 591.3/9/09162
Edition number 20
100 1# - MAIN ENTRY--PERSONAL NAME
Personal name Mallory, Kenneth.
245 10 - TITLE STATEMENT
Title Families of the deep blue sea /
Statement of responsibility, etc. by Kenneth Mallory ; illustrated by Marshall Peck III.
260 ## - PUBLICATION, DISTRIBUTION, ETC.
Place of publication, distribution, etc. Watertown, MA :
Name of publisher, distributor, etc. Charlesbridge,
Date of publication, distribution, etc. 1995.
300 ## - PHYSICAL DESCRIPTION
Extent 32 unnumbered pages :
Other physical details color illustrations ;
Dimensions 22 x 28 cm.
505 ## - FORMATTED CONTENTS NOTE
Formatted contents note J <br/>
520 ## - SUMMARY, ETC.
Summary, etc. Do you know how saltwater families live? What would it be like to grow up with a tail and fins? We expect to see fish living in water, but what about mammals like polar bears, walruses, and whales, or birds such as penguins, or reptiles like sea turtles? They spend most of their lives in the water, too. How would it feel to be born, to grow, to play and explore the way these ocean-dwelling animals do? Here's your chance to find out. Jump in and learn the saltwater secrets of growing up in the sea.
521 ## - TARGET AUDIENCE NOTE
Target audience note 480<br/>
Source Lexile estimate <br/>
521 ## - TARGET AUDIENCE NOTE
Target audience note J <br/>
Source Raz-Plus <br/>
650 #0 - SUBJECT ADDED ENTRY--TOPICAL TERM
Topical term or geographic name entry element Marine animals
General subdivision Infancy
-- Juvenile literature.
650 #0 - SUBJECT ADDED ENTRY--TOPICAL TERM
Topical term or geographic name entry element Parental behavior in animals.
650 #1 - SUBJECT ADDED ENTRY--TOPICAL TERM
Topical term or geographic name entry element Marine animals
General subdivision Infancy.
650 #1 - SUBJECT ADDED ENTRY--TOPICAL TERM
Topical term or geographic name entry element Parental behavior in animals.
700 1# - ADDED ENTRY--PERSONAL NAME
Personal name Peck, Marshall H.
Relator term illustrator.
906 ## - LOCAL DATA ELEMENT F, LDF (RLIN)
a 7
b cbc
c orignew
d 1
e ocip
f 19
g y-gencatlg
942 ## - ADDED ENTRY ELEMENTS (KOHA)
Source of classification or shelving scheme Dewey Decimal Classification
Koha item type Books
Suppress in OPAC No
999 ## -
-- 653
-- 653
Holdings
Withdrawn status Lost status Source of classification or shelving scheme Damaged status Not for loan Collection Home library Current library Shelving location Date acquired Total Checkouts Full call number Barcode Date last seen Date last checked out Copy number Price effective from Koha item type
    Dewey Decimal Classification     Non-Fiction Footprints International School Library Network Toul Kork Campus Footprints International School Library Network Toul Kork Campus TK Primary Library Room(4th Floor), Bookcase 1&2, Shelves 1-16, Dark Blue Books 06/28/2023 7 MAL QL122.M36 FISTK02431 12/10/2025 12/03/2025 1 06/28/2023 Books
    Dewey Decimal Classification     Non-Fiction Footprints International School Library Network Toul Tom Poung Campus Footprints International School Library Network Toul Kork Campus TTP Primary Dark Blue Bookshelves 06/20/2025 2 MAL QL122.M36 FIS03344 03/13/2026 11/26/2025 2 06/20/2025 Books